Rubén Darío en Oxford

Guardado en:
Bibliografiske detaljer
Hovedforfatter: Boura, C.M
Format: Bog
Sprog:Undetermined
Udgivet: Managua, Nicaragua Unión 1966
Fag:
Tags: Tilføj Tag
Ingen Tags, Vær først til at tagge denne postø!

MARC

LEADER 00000nam a2200000Ia 4500
008 170316s9999 xx 000 0 und d
040 |a cru BVZT 
090 |a 860 B-35r 
100 |a Boura, C.M.  |9 1281 
245 |a Rubén Darío en Oxford  |c / C.M. Boura 
260 |a Managua, Nicaragua  |b Unión  |c 1966 
300 |a 112 páginas 
650 |a LITERATURA LATINOAMERICANA  |9 15 
999 |c 8459  |d 8459 
942 |c 15 D  |h 860 B-35r  |2 z